| 000 | 00777nam a22002417a 4500 | ||
|---|---|---|---|
| 005 | 20170724171031.0 | ||
| 010 | _aENG-119312 | ||
| 020 |
_a9788193340820 _c995.00 |
||
| 035 | _aEN-102844 | ||
| 037 | _bDBAD/PUB | ||
| 082 | _a628.5 | ||
| 245 |
_aNew innovations in environmental biotechnology / _cedited by M.M.Abid Ali Khan...[et...al] |
||
| 260 |
_aGaziabad _bKanhya Publisher _c2017 |
||
| 270 |
_aRTB 158 Royal Tower,Shipra Suncity _bGaziabad (UP) _e201010 |
||
| 300 |
_avii,288p. _c23cm(pbk) |
||
| 500 | _aIncludes bibliographical references and index | ||
| 700 | _a Abid Ali Khan,M.M. | ||
| 700 | _aMurtza Abid | ||
| 700 | _aAbdeen Mustafa Omer | ||
| 700 | _aPandey, S. N. | ||
| 700 | _aMaheshwari,Raaz K. | ||
| 942 |
_2ddc _cEN _h628.5 _mNEW |
||
| 999 |
_c142811 _d142811 |
||